Actividades empresariales personas fs̕icas : regimen intermedio /

Detalles Bibliográficos
Autor principal: Přez Chv̀ez, Još
Otros Autores: Fol Olgun̕, Raymundo (coaut.)
Formato: Desconocido
Publicado: Mx̌ico D.F. : Tax Editores, 2010
Materias:
Acceso en línea:Acceso restringido

MARC

LEADER 00000ny a22000003n 4500
005 20110623134730.0
008 100909s2010 mx 000 0 esp d
020 |a 9786074401356 
035 |a 5006 
040 |a BUS   |d vLex 
090 |c 1071  |d 1071 
100 1 |a Přez Chv̀ez, Još 
245 1 0 |a Actividades empresariales  |h [Recurso electrn̤ico]  |b personas fs̕icas : regimen intermedio /  |c Jos ̌Přez Chavez, Raymundo Fol Olgun̕  
256 |a Servicio en ln̕ea 
260 |a Mx̌ico D.F. :  |b Tax Editores,  |c 2010  
506 1 |a Contenido solo disponible en los productos indicados  |d vLex Global  |d vLex Global (Academic Edition, excluding Law Schools)  |d vLex Global (U.S. Academic Edition, Law Schools)  |d vLex Global (U.S. Academic Edition, excluding Law Schools)  |d vLex Global (Academic Edition, Law Schools) 
650 0 7 |a Impuesto sobre la renta   |2 Tesauro vLex 
650 0 7 |a Empresa mercantil  |2 Tesauro vLex 
650 0 7 |a Empresa y empresario  |2 Tesauro vLex 
650 0 7 |a Empresario  |2 Tesauro vLex 
650 0 7 |a Laboral  |2 Tesauro vLex 
700 1 |a Fol Olgun̕, Raymundo,  |e coaut. 
740 0 |a vLex Libros (Servicios en ln̕ea) 
856 4 0 |u http://vlex.com/source/5006  |z Acceso restringido 
942 |c BOOK